000 00627nam a22001695i 4500
001 161845
003 ES-MaACL
005 20250804062624.0
008 940301s1897 sp |||| | spa d
040 _aAS
_bspa
100 1 _aPérez Galdós, Benito,
_d1843-1920
_990871
245 1 3 _aLa fiera
_b: drama en tres actos /
_coriginal de B. Pérez Galdós.
260 _aMadrid :
_b[s.n.],
_c1897 (
_fSucesores de Rodríguez y Odriózola)
300 _a79 p. ;
_c21 cm.
852 _aES-MaACL
_jR-3008
_z-- Enc. piel
_q-- Falto de la cub. original
_z-- Enc. en un vol. facticio
_x Olim:B-3058
999 _c161845
_d161845